Kết quả nghiên cứu khoa học công nghệ rau quả 2002 -2003

Sách giới thiệu kết quả nghiên cứu về công nghệ sinh học, chọn tạo giống, kỹ thuật canh tác, bảo vệ thực vật, công nghệ sau thu hoạch của các loại rau quả của các tỉnh phía Nam

Saved in:
Bibliographic Details
Corporate Author: Viện Nghiên cứu Cây Ăn Quả miền Nam
Format: Book
Language:Undetermined
Published: Hà Nội Nông Nghiệp 2004
Subjects:
Tags: Add Tag
No Tags, Be the first to tag this record!
Institutions: Trung tâm Học liệu Trường Đại học Cần Thơ
LEADER 00971nam a2200217Ia 4500
001 CTU_139029
008 210402s9999 xx 000 0 und d
082 |a 634 
082 |b V305/2004 
110 |a Viện Nghiên cứu Cây Ăn Quả miền Nam 
245 0 |a Kết quả nghiên cứu khoa học công nghệ rau quả 2002 -2003 
245 0 |c Viện Nghiên cứu Cây Ăn Quả miền Nam 
260 |a Hà Nội 
260 |b Nông Nghiệp 
260 |c 2004 
520 |a Sách giới thiệu kết quả nghiên cứu về công nghệ sinh học, chọn tạo giống, kỹ thuật canh tác, bảo vệ thực vật, công nghệ sau thu hoạch của các loại rau quả của các tỉnh phía Nam 
650 |a Cây ăn quả,Fruit-tree 
650 |x Planting 
650 |z Việt Nam,Vietnam 
904 |i Trọng Hải 
980 |a Trung tâm Học liệu Trường Đại học Cần Thơ